Statistics for Unrarest 'I-J' Cities

Click here to take the quiz!

General Stats

  • This quiz has been taken 45 times
  • The average score is 14 of 24

Answer Stats

RarityPopulationAnswerCountry% Correct
65.9%8,540,121JakartaIndonesia
100%
65.9%801,000JerusalemIsrael
100%
57.1%7,860,781JohannesburgSouth Africa
100%
50.6%15,214,177IstanbulTurkiye
88%
30.5%2,867,446JeddahSaudi Arabia
86%
54.3%601,600IslamabadPakistan
83%
43.9%153,701JacksonUSA
83%
54.9%887,642IndianapolisUSA
81%
20.8%132,493InnsbruckAustria
79%
52.3%949,611JacksonvilleUSA
79%
30.4%230,195JubaSouth Sudan
79%
30.9%2,500,603IzmirTurkiye
76%
22.4%2,711,758JaipurIndia
74%
23.8%2,942,828IncheonSouth Korea
57%
14.7%3,034,200IbadanNigeria
55%
10.7%1,837,041IndoreIndia
33%
21.7%586,695IrkutskRussia
33%
26.9%292,449Jersey CityUSA
33%
15.9%307,670IrvineUSA
31%
16.2%3,641,562JinanP. R. China
26%
11.3%1,469,722JilinP. R. China
21%
11.8%422,900IquitosPeru
12%
15.6%492,466Jeju CitySouth Korea
10%
14.2%172,334IspartaTurkiye
7%

Score Distribution

Percentile by Number Answered

Percent of People with Each Score

Your Score History

You have not taken this quiz